[Event "Madrid San Viator op-A 27th"]
[Site "Madrid"]
[Date "2016.09.25"]
[Round "1"]
[White "Llases Gonzalez, Luis"]
[Black "Del Noval Nemeshazi, Nesztor"]
[Result "1/2-1/2"]
[WhiteElo "1734"]
[BlackElo "1932"]
[PlyCount "43"]
[EventDate "2016.09.25"]
[EventType "swiss"]
[EventRounds "9"]
[EventCountry "ESP"]
[SourceTitle "EXT 2017"]
[Source "ChessBase"]
[SourceDate "2016.10.25"]
[SourceVersion "1"]
[SourceVersionDate "2016.10.25"]
[SourceQuality "1"]

1. e4 c5 2. Nf3 d6 3. d4 cxd4 4. Nxd4 Nf6 5. Nc3 a6 6. Be3 e6 7. Be2 b5 8. Bf3 b4 9. e5 dxe5 10. Nc6 Qxd1+ 11. Rxd1 Nbd7 12. Nxb4 e4 13. Nxe4 Bxb4+ 14. c3 Nxe4 15. Bxe4 Rb8 16. cxb4 Rxb4 17. Bc6 Rxb2 18. 0-0 Rc2 19. Rc1 Rxc1 20. Rxc1 Ke7 21. Bc5+ Kd8 22. Bb6+ 1/2-1/2

[Event "Madrid San Viator op-B 26th"]
[Site "Madrid"]
[Date "2016.05.15"]
[Round "6"]
[White "Llases Gonzalez, Luis"]
[Black "Guerrero Gonzalez, Francisco"]
[Result "1-0"]
[WhiteElo "1614"]
[BlackElo "1699"]
[PlyCount "94"]
[EventDate "2016.04.03"]
[EventType "swiss"]
[EventRounds "9"]
[EventCountry "ESP"]
[SourceTitle "EXT 2017"]
[Source "ChessBase"]
[SourceDate "2016.10.25"]
[SourceVersion "1"]
[SourceVersionDate "2016.10.25"]
[SourceQuality "1"]

1. e4 d5 2. exd5 Qxd5 3. Nc3 Qa5 4. d4 Nf6 5. Nf3 Bg4 6. h3 Bh5 7. g4 Bg6 8. Ne5 e6 9. Bg2 c6 10. 0-0 Nbd7 11. h4 Nxe5 12. dxe5 Qxe5 13. Re1 Qd6 14. h5 Qxd1 15. Rxd1 Bxc2 16. Rd2 Nxg4 17. Rxc2 0-0-0 18. Bf4 Bd6 19. Bxd6 Rxd6 20. b4 Nf6 21. b5 c5 22. a4 Rhd8 23. Ne4 Nxe4 24. Bxe4 Rd1+ 25. Rxd1 Rxd1+ 26. Kg2 b6 27. Bxh7 Rd4 28. Bg8 Rf4 29. Kg3 Rf5 30. Kg4 Kd8 31. Rd2+ Ke7 32. f4 Rd5 33. Rxd5 exd5 34. Bh7 Kf6 35. Bc2 Ke6 36. Kf3 Kd6 37. Ke3 Ke6 38. Bd3 Kf6 39. Bb1 Ke6 40. Kf3 Kd6 41. Kg4 Ke6 42. Kg5 c4 43. f5+ Kd6 44. f6 gxf6+ 45. Kxf6 d4 46. h6 d3 47. h7 d2 1-0

[Event "Madrid San Viator op-B 26th"]
[Site "Madrid"]
[Date "2016.04.24"]
[Round "4"]
[White "Urbelz Perez, Ignacio"]
[Black "Llases Gonzalez, Luis"]
[Result "0-1"]
[WhiteElo "1513"]
[BlackElo "1614"]
[PlyCount "70"]
[EventDate "2016.04.03"]
[EventType "swiss"]
[EventRounds "9"]
[EventCountry "ESP"]
[SourceTitle "EXT 2017"]
[Source "ChessBase"]
[SourceDate "2016.10.25"]
[SourceVersion "1"]
[SourceVersionDate "2016.10.25"]
[SourceQuality "1"]

1. e4 e5 2. Nf3 Nc6 3. Bb5 a6 4. Ba4 b5 5. Bb3 Bc5 6. c3 Nf6 7. d4 exd4 8. e5 Ng8 9. 0-0 d3 10. Qxd3 Qe7 11. Re1 h6 12. h4 Bb7 13. Bd5 0-0-0 14. b4 Bb6 15. a4 bxa4 16. Rxa4 d6 17. Qe4 Qd7 18. e6 Qe8 19. c4 Nf6 20. Qf5 fxe6 21. Bxe6+ Kb8 22. Bd5 Ne5 23. Nxe5 Qxa4 24. Nf7 Rde8 25. Rxe8+ Rxe8 26. Bxb7 Kxb7 27. Qf3+ Qc6 28. Qxc6+ Kxc6 29. Bb2 Re1+ 30. Kh2 Rxb1 31. Bxf6 gxf6 32. Nxh6 Bxf2 33. Ng4 Bd4 34. h5 Rxb4 35. h6 Rb6 0-1

[Event "Madrid San Viator op-B 26th"]
[Site "Madrid"]
[Date "2016.04.10"]
[Round "2"]
[White "Llases Gonzalez, Luis"]
[Black "Martin Rodriguez, Jose Luis"]
[Result "1-0"]
[WhiteElo "1614"]
[BlackElo "1353"]
[PlyCount "67"]
[EventDate "2016.04.03"]
[EventType "swiss"]
[EventRounds "9"]
[EventCountry "ESP"]
[SourceTitle "EXT 2017"]
[Source "ChessBase"]
[SourceDate "2016.10.25"]
[SourceVersion "1"]
[SourceVersionDate "2016.10.25"]
[SourceQuality "1"]

1. e4 e6 2. g3 d5 3. exd5 exd5 4. Bg2 Nf6 5. Qe2+ Qe7 6. d4 Qxe2+ 7. Nxe2 c6 8. 0-0 Bd6 9. Bf4 Bxf4 10. Nxf4 0-0 11. Nd2 Bf5 12. c4 dxc4 13. Nxc4 Rd8 14. Ne3 Bg6 15. Nxg6 hxg6 16. d5 cxd5 17. Rfd1 Nc6 18. Nxd5 Nxd5 19. Bxd5 Kf8 20. Bxc6 bxc6 21. Kf1 Rxd1+ 22. Rxd1 Ke7 23. Ke2 Rd8 24. Rxd8 Kxd8 25. Kd3 Kd7 26. Kd4 Kd6 27. b4 f5 28. f4 a6 29. a4 g5 30. fxg5 g6 31. h4 Kc7 32. h5 f4 33. gxf4 gxh5 34. g6 1-0